الإجماع عند أهل السنة الأربعة : (رقم التسجيلة. 96555)

تفاصيل مارك
000 -الفاتح
عناصر البيانات ثابتة الطول 00908cam a2200193 i 4500
005 - تاريخ ووقت آخر معاملة
حقل ضبط 20251208120253.0
008 - عناصر البيانات ثابتة الطول
عناصر البيانات ثابتة الطول 250721s2003 su gr 000 0 ara d
082 14 - رقم تصنيف ديوي العشري
رقم التصنيف 216.112
رقم المادة س ع د
100 1# - مدخل رئيسي – اسم شخصي
الاسم الشخصي أبو سعد، محمد محمد شتا
علاقة الشخص بالعمل/ دوره مؤلف.
245 12 - بيان العنوان
العنوان الإجماع عند أهل السنة الأربعة :
بقية العنوان دراسة للمسائل التي أجمع عليها الأئمة الأربعة في كافة أبواب الفقه وهي مستخلصة من مخطوطة اختلاف الأئمة الأربعة /
بيان المسؤولية المستشار الدكتور محمد محمد شتا أبو سعد.
250 ## - بيان الطبعة
بيان الطبعة الطبعة الأولى.
264 31 - بيانات النشر، التوزيع…إلخ
مكان النشر، التوزيع...إلخ الرياض :
اسم الناشر، الموزع...إلخ مكتبة العبيكان،
تاريخ النشر، التوزيع...إلخ 2003.
300 ## - الوصف المادي
عدد الوحدات المكونة للوعاء 212 صفحة.
650 17 - مدخل إضافي بالموضوع - مصطلح موضوعي
مصطلح موضوعي أو اسم جغرافي كعنصر مدخل الفقه الإسلامي.
650 17 - مدخل إضافي بالموضوع - مصطلح موضوعي
مصطلح موضوعي أو اسم جغرافي كعنصر مدخل فقه السنة.
650 17 - مدخل إضافي بالموضوع - مصطلح موضوعي
مصطلح موضوعي أو اسم جغرافي كعنصر مدخل الإجماع.
942 ## - بيانات إضافية (كوها)
نوع التنصيف Dewey Decimal Classification
نوع المادة (كوها) كتب
المقتنيات
حالة السحب حالة الفقدان مصدر التصنيف حالة التلف غير قابل للإعارة المكتبة الرئيسية المكتبة الحالية موقع الرف تاريخ التزويد الرقم المتسلسل Total Checkouts رقم الإستدعاء الباركود تاريخ آخر ظهور تاريخ الفاتورة نوع المادة (كوها)
    Dewey Decimal Classification     المكتبة المركزية المكتبة المركزية الإعارة 28/07/2025 856065   216.112 / س ع د 856065 28/07/2025 28/07/2025 كتب
Implemented & Customized by: BBB with SCIT (Smart Chains for Information Technology)

Powered by Koha